Selections from persian prose and Poetry / (Record no. 83174)
[ view plain ]
| 000 -LEADER | |
|---|---|
| fixed length control field | 00586nam a2200205 4500 |
| 001 - CONTROL NUMBER | |
| control field | 83174 |
| 003 - CONTROL NUMBER IDENTIFIER | |
| rucl marc code | BD-RjUL |
| 005 - DATE AND TIME OF LATEST TRANSACTION | |
| control field | 20240228115220.0 |
| 008 - FIXED-LENGTH DATA ELEMENTS--GENERAL INFORMATION | |
| fixed length control field | 240228s1920 ii ||||| |||| 00| 0 per d |
| 035 ## - SYSTEM CONTROL NUMBER | |
| System control number | (BD-RjUL) 83174 |
| 040 ## - CATALOGING SOURCE | |
| Original cataloging agency | BD-RjUL |
| Language of cataloging | eng |
| Transcribing agency | BD-RjUL |
| 041 ## - LANGUAGE CODE | |
| Language code of text/sound track or separate title | eng/per |
| 082 ## - DEWEY DECIMAL CLASSIFICATION NUMBER | |
| Edition number | 23 |
| Classification number | 891.5508 |
| Author mark and year | KAS 1920 |
| 100 ## - MAIN ENTRY--PERSONAL NAME | |
| Personal name | Kanga, Pestonjee Kavasjee |
| 9 (RLIN) | 11950 |
| 245 ## - TITLE STATEMENT | |
| Title | Selections from persian prose and Poetry / |
| Statement of responsibility, etc. | Pestonjee kavasjee Kanga |
| 260 ## - PUBLICATION, DISTRIBUTION, ETC. (IMPRINT) | |
| Place of publication, distribution, etc. | Bombay : |
| Name of publisher, distributor, etc. | N.M. Tripathi, 1920 |
| 300 ## - PHYSICAL DESCRIPTION | |
| Pagination | 290 p. ; |
| Size | 18 cm |
| 650 ## - SUBJECT ADDED ENTRY--TOPICAL TERM | |
| Topical term or geographic name as entry element | persian Prose |
| 9 (RLIN) | 9292 |
| 942 ## - ADDED ENTRY ELEMENTS (KOHA) | |
| Source of classification or shelving scheme | Dewey Decimal Classification |
| Koha item type | Books |
| Lost status | Source of classification or shelving scheme | Damaged status | Not for loan | Collection code | Permanent Location | Current Location | Shelving location | Date acquired | Total Checkouts | Full call number | Date last seen | Copy number | Koha item type |
|---|---|---|---|---|---|---|---|---|---|---|---|---|---|
| Dewey Decimal Classification | Not For Loan | Non-fiction | Central Library, University of Rajshahi | Central Library, University of Rajshahi | Reading Room | 28/02/2024 | 891.5508 KAS 1920 | 28/02/2024 | C-1 | Books |